Marvel A-Z - Statistics

General Stats
  • This quiz has been taken 115 times
  • The average score is 22 of 25
Answer Stats
Letter Hint Answer % Correct
A Superhero with the power of shrinking Ant-Man
100%
H A giant green monster with bulging muscles Hulk
98%
C Superhero dosed with a super soldier serum and has a vibranium shield Captain America
97%
T Superhero from Asgard with a hammer Thor
97%
P First nam of Star Lord and Spider-Man Peter
96%
S Superhero that can climb walls and shoot webs Spider-Man
96%
I Red and gold suit with a lot of weapons and gadgets Iron-Man
94%
O Father of Thor Odin
94%
X Group where Wolverine is in X-Men
93%
D A guardian of the galaxy member nicknamed ____ the Destroyer {Drax} the destroyer
92%
L Main villain of a lot of movies, such as The Avengers Loki
92%
G Member of the guardians of the galaxy with green skin Gamora
91%
F Partner of Captain America and has a suit with bird wings Falcon
89%
N The head of S.H.I.E.L.D Nick Fury
89%
Q Superhero with incredible speed Quicksilver
88%
U Main villain of Avengers 2 Ultron
88%
V What Captain Amrica's shield and Black Panther's suit are made out of Vibranium
88%
B Superhero with expert fighting skills, but no superpowers Black Widow
85%
R Main villain of Captain America: The First Avenger Red Skull
83%
M In the guardians of the galaxy with the power to read other people's emotions Mantis
79%
W Antihero with srong, metalic arm Winter Soldier
78%
K Main villain of Black Panther Killmonger
76%
J Real name of War-Machine {James} Rhodes
72%
Y Suit developed by Cross Industries as an alternative to the Ant-Man suit Yellowjacket
71%
E Member of the Black Order with telekinetic powers Ebony Maw
45%
No matching quizzes found
Score Distribution
Percent of People with Each Score
Percentile by Number Answered
Your Score History
You have not taken this quiz